| 000 | 01351nam a2200421 c 4500 | ||
|---|---|---|---|
| 001 | 5715 | ||
| 003 | ES-MaCES | ||
| 005 | 20150929135401.0 | ||
| 008 | 971030s1995 xxk ||| | eng d | ||
| 020 | _a0 85292 559 X | ||
| 035 | _aCES19980057608m | ||
| 040 |
_aES-MaCES _bspa _cES-MaCES |
||
| 245 | 0 | 0 |
_aContracts and terms and conditions of employment _c[by the International Department of] Incomes Data Services |
| 260 |
_aLondon _bInstitute of Personnel and Development _ccop. 1995 |
||
| 300 |
_aXXXI, 431 p. _c24 cm |
||
| 490 | 1 | _aEuropean management guides | |
| 504 | _aBibliografía. Indice | ||
| 541 | _cCompra | ||
| 650 | 4 |
_acondiciones de empleo _930040 |
|
| 650 | 4 |
_acontrato de trabajo _928316 |
|
| 650 | 4 |
_ahoras de trabajo _928335 |
|
| 650 | 4 |
_asalario _928387 |
|
| 650 | 4 |
_apago de prestaciones _930465 |
|
| 650 | 4 |
_ajubilación _928360 |
|
| 650 | 4 |
_adespido _928352 |
|
| 650 | 4 |
_alegislación del trabajo _927166 |
|
| 650 | 4 |
_aguía _929262 |
|
| 650 | 4 |
_adirectorio _928972 |
|
| 653 | 1 | 0 | _aEmpleo |
| 650 | 4 |
_929020 _apaís de la UE |
|
| 650 | 4 |
_926752 _aUE |
|
| 710 | 2 |
_aInstitute of Personnel and Development _eed. _94087 |
|
| 710 | 2 |
_aIncomes Data Services _94042 |
|
| 830 | 0 |
_aEuropean management guides _932872 |
|
| 902 | _aLIB Libro | ||
| 942 |
_2CES _cBK _h2.1. |
||
| 999 |
_c5715 _d5715 |
||